[Event "Titled Tue 20th May Early"]
[Site "chess.com INT"]
[Date "2025.05.20"]
[Round "5"]
[White "Piddubna, Bozhena"]
[Black "Tahmasebi, Hamidreza"]
[Result "0-1"]
[WhiteTitle "WFM"]
[BlackTitle "FM"]
[WhiteElo "2174"]
[BlackElo "2298"]
[WhiteFideId "34109293"]
[BlackFideId "12537527"]
[EventDate "2025.05.20"]

1. d4 Nf6 2. c4 e6 3. Nc3 Bb4 4. Qc2 d5 5. e3 c5 6. dxc5 Qa5 7. Bd2 dxc4 8. a3
Nbd7 9. Bxc4 Qxc5 10. Bxe6 Bxc3 11. Bxd7+ Bxd7 12. Bxc3 Bf5 13. Qa4+ b5 14. Qd4
Qxd4 15. Bxd4 O-O-O 16. Ne2 Kb7 17. Bxf6 gxf6 18. Nd4 Bd7 19. Kd2 Bc6 20. Rhg1
Rhg8 21. g3 Rg5 22. Rac1 Be4 23. Ke2 Re5 24. Rgd1 a6 25. Rc3 Bg6 26. Kf1 Bh5 27.
Rdc1 Rd7 28. h3 Red5 29. Rc5 Bg6 30. R1c3 Be4 31. Ke2 Re7 32. Rxd5 Bxd5 33. Rc5
Rd7 34. b4 Be4 35. h4 Re7 36. Kd2 Rd7 37. Kc3 Bd5 38. Kd3 Rd8 39. e4 Bc4+ 40.
Ke3 Rd7 41. Rf5 Rc7 42. Rxf6 Ba2 43. Kd2 Rc4 44. Rxf7+ Kc8 45. Rf8+ Kd7 46. Ke3
Rc3+ 47. Kf4 Rxa3 48. Rf7+ Bxf7 49. e5 Ra4 50. Kf5 Bd5 51. e6+ Kd6 52. Kf6 Bxe6
53. Nxe6 Rxb4 54. Ng5 a5 55. Nxh7 a4 56. h5 a3 57. Ng5 a2 58. Nf7+ Kc7 59. h6
a1=Q+ 60. Ne5 Re4 61. f4 Qh1 62. Kg6 Qh3 63. h7 Qxg3+ 64. Kh6 Qxf4+ 65. Kg7
Qxe5+ 66. Kg8 Rg4+ 67. Kf7 Rg7+ 68. Kf8 Qe7# 0-1

[Event "Titled Tue 20th May Early"]
[Site "chess.com INT"]
[Date "2025.05.20"]
[Round "5"]
[White "Sabatier, Mathis"]
[Black "Troltenier, Dirk"]
[Result "0-1"]
[WhiteTitle "CM"]
[BlackTitle "FM"]
[WhiteElo "2235"]
[BlackElo "2174"]
[WhiteFideId "26029685"]
[BlackFideId "4606400"]
[EventDate "2025.05.20"]

1. e4 e5 2. Nf3 d6 3. d4 exd4 4. Nxd4 Nf6 5. Nc3 Be7 6. Be2 O-O 7. O-O Re8 8.
Be3 Bf8 9. f3 d5 10. Bg5 c5 11. Nb3 d4 12. Nd5 Nbd7 13. Bb5 Be7 14. Bxd7 Bxd7
15. Bxf6 gxf6 16. f4 Be6 17. Nxe7+ Qxe7 18. Qh5 Bxb3 19. axb3 Qxe4 20. Rf3 Kh8
21. f5 Rg8 22. Qh6 Qe5 23. Raf1 Rg7 24. Qh4 Rag8 25. g3 Rg4 26. Qh6 b6 27. Qd2
Re4 28. Rf4 Re2 29. Qd3 Re8 30. Qf3 Qe3+ 31. Qxe3 R8xe3 32. R1f2 Kg7 33. Kf1
Rxf2+ 34. Kxf2 Kf8 35. Rh4 Kg7 36. Rg4+ Kf8 37. Rh4 Kg7 38. c3 Rd3 39. Ke2 Re3+
40. Kd2 Rf3 41. cxd4 cxd4 42. Rxd4 Rxb3 43. Kc2 Rb5 44. g4 a5 45. Kc3 Kh6 46. b3
Kg5 47. h3 Rc5+ 48. Kd3 h5 49. Rd7 hxg4 50. hxg4 Kxg4 51. Rxf7 Kxf5 52. Rb7 Rb5
53. Kc4 Rb4+ 54. Kc3 Ke5 55. Re7+ Kf4 56. Re1 f5 57. Rf1+ Ke5 58. Re1+ Re4 59.
Rh1 Kf4 60. Kd3 Rb4 61. Rf1+ Ke5 62. Re1+ Kf6 63. Kc3 f4 64. Rf1 Kf5 65. Re1 Kg4
66. Rg1+ Kf3 67. Rf1+ Kg2 0-1

[Event "Titled Tue 20th May Early"]
[Site "chess.com INT"]
[Date "2025.05.20"]
[Round "5"]
[White "Antoniou, Rafail"]
[Black "Sharankov, Grigory"]
[Result "1-0"]
[WhiteTitle "CM"]
[BlackTitle "CM"]
[WhiteElo "2134"]
[BlackElo "2238"]
[WhiteFideId "5904390"]
[BlackFideId "4168356"]
[EventDate "2025.05.20"]

1. b4 e5 2. a3 Nf6 3. Bb2 d6 4. c4 Be7 5. e3 O-O 6. d3 a5 7. b5 Nbd7 8. a4 b6 9.
Nf3 Bb7 10. Be2 Ne8 11. O-O g6 12. d4 Bf6 13. d5 Bg7 14. Ne1 Qe7 15. Nd2 f5 16.
Nc2 Nc5 17. Ra3 Nf6 18. Nb3 Nfd7 19. Nca1 Rf7 20. Nxc5 Nxc5 21. Nb3 Nd7 22. Nd2
Raf8 23. Qa1 Nc5 24. Nb3 Nd7 25. Nc1 Bc8 26. Re1 Nc5 27. Nd3 Nxd3 28. Bxd3 f4
29. exf4 Rxf4 30. f3 g5 31. Be4 g4 32. Qd1 h5 33. Bc1 gxf3 34. Bxf3 Rxc4 35. Be3
Bf5 36. Bf2 Bh7 37. Bxh5 Rcf4 38. Bg3 R4f5 39. Bg4 R5f6 40. Bh4 Qf7 41. Bxf6
Qxf6 42. Rf3 Qg5 43. Be6+ Kh8 44. Rxf8+ Bxf8 45. Qf3 Bg7 46. Rf1 Bg6 47. Qh3+
Bh6 48. Bf5 Bf7 49. Be4 Kg7 50. Qf5 Qxf5 51. Bxf5 Be3+ 52. Kh1 Bxd5 53. Rd1 Bb3
54. Rd3 Bd4 55. Rxb3 Kf6 56. Be4 Kg5 57. Bc6 Kf4 58. g3+ Kg4 59. Kg2 Bc5 60.
Bf3+ Kf5 61. Rc3 e4 62. Be2 Ke5 63. h4 d5 64. Rc1 d4 65. Rd1 d3 66. Bxd3 exd3
67. Rxd3 Ke4 68. Rd7 Bd6 69. h5 Kf5 70. Rxd6 cxd6 71. g4+ Kg5 72. Kf3 1-0

[Event "Titled Tue 20th May Early"]
[Site "chess.com INT"]
[Date "2025.05.20"]
[Round "5"]
[White "Tan, Jun Ying"]
[Black "Schnaider, Ilan"]
[Result "1-0"]
[WhiteTitle "FM"]
[BlackTitle "IM"]
[WhiteElo "2414"]
[BlackElo "2388"]
[WhiteFideId "5710413"]
[BlackFideId "169013"]
[EventDate "2025.05.20"]

1. g3 g6 2. Bg2 Bg7 3. c4 Nf6 4. Nc3 O-O 5. e3 c5 6. Nge2 Nc6 7. O-O a6 8. d4
cxd4 9. exd4 d5 10. Nxd5 Nxd5 11. cxd5 Nb8 12. Be3 Nd7 13. Nc3 Nb6 14. a4 Nc4
15. Qb3 Nd6 16. Rfd1 Bg4 17. Rdc1 Qd7 18. a5 Nf5 19. Qb4 Nxe3 20. fxe3 h5 21.
Ne4 h4 22. Nc5 Qd6 23. gxh4 Bh6 24. Qe1 b6 25. Ne4 Qd8 26. Qg3 Bh5 27. Bf3 Bxe3+
28. Kh1 Bxf3+ 29. Qxf3 Bxc1 30. Rxc1 Kg7 31. axb6 Qxd5 32. Rc5 Qxd4 33. h5 f5
34. Ng5 Rf6 35. b7 Rb8 36. Rc8 Rxb7 37. Qxb7 Qd1+ 38. Kg2 Qe2+ 39. Kg1 Qe1+ 40.
Kg2 Qd2+ 41. Kf1 Qd1+ 42. Kf2 Qd2+ 43. Kf1 Qd3+ 44. Ke1 Qe3+ 45. Kf1 Qd3+ 46.
Kg2 Qd2+ 47. Kh3 Qe3+ 48. Nf3 g5 49. Re8 g4+ 50. Kh4 Qf2+ 51. Kg5 Qe3+ 52. Kh4
Qf2+ 53. Kg5 Rg6+ 54. hxg6 Qe3+ 55. Kxf5 Qxf3+ 56. Qxf3 gxf3 57. Rxe7+ Kg8 58.
Rf7 f2 59. Kg4 a5 60. Rxf2 a4 61. h4 Kg7 62. Kg5 a3 63. bxa3 Kg8 64. h5 Kh8 65.
h6 Kg8 66. Rb2 Kf8 67. Rb8+ Ke7 68. g7 Kd7 69. g8=Q Kc7 70. Qd8+ Kc6 71. Rb6+ 1-0

[Event "Titled Tue 20th May Early"]
[Site "chess.com INT"]
[Date "2025.05.20"]
[Round "5"]
[White "Nguyen Thien Ngan"]
[Black "Ahmad, Khagan"]
[Result "0-1"]
[WhiteTitle "WIM"]
[BlackTitle "IM"]
[WhiteElo "1998"]
[BlackElo "2405"]
[WhiteFideId "12414816"]
[BlackFideId "13431552"]
[EventDate "2025.05.20"]

1. e4 c5 2. Nf3 d6 3. d4 cxd4 4. Nxd4 e6 5. Nc3 a6 6. a4 Nf6 7. Be2 Be7 8. Be3
O-O 9. O-O Nc6 10. Nb3 b6 11. f4 Bb7 12. Bd3 Nd7 13. Qe1 Nc5 14. Qg3 Nb4 15.
Nxc5 bxc5 16. f5 Nxd3 17. cxd3 Bf6 18. Bf4 exf5 19. Bxd6 Bh4 20. Qe5 Bf6 21.
Qxc5 fxe4 22. dxe4 Bxc3 23. bxc3 Re8 24. e5 Rc8 25. Qd4 Qg5 26. Rf2 Re6 27. Raf1
h5 28. c4 h4 29. Qf4 Rg6 30. Qxg5 Rxg5 31. c5 Bd5 32. Rb1 Rg4 33. a5 h3 34. g3
Ra4 35. Rd2 Bg2 36. Re1 Rxa5 37. Rb2 Bd5 38. Rd1 Be6 39. Rc1 Bd5 40. Rd1 Bf3 41.
Rf1 Bg2 42. Rc1 Bc6 43. Rcb1 Kh7 44. Rc1 Kg6 45. Rc4 Ra1+ 46. Kf2 Rh1 47. Ke3
Kf5 48. Rf4+ Ke6 49. Rh4 Bg2 50. Rb7 g5 51. Re7+ Kd5 52. Rd4+ Kc6 53. Ra7 Rxh2
54. Rxa6+ Kd7 55. Ra7+ Ke8 56. Re7+ Kf8 57. Rc7+ Kg7 58. Rxc8 Rh1 59. Bf8+ Kh7
60. Rd7 Re1+ 61. Kf2 Rf1+ 62. Ke3 h2 63. Rxf7+ Rxf7 64. Bd6 h1=Q 65. e6 Qe1+ 0-1

[Event "Titled Tue 20th May Early"]
[Site "chess.com INT"]
[Date "2025.05.20"]
[Round "5"]
[White "Bold, Andre"]
[Black "Swara Lakshmi S Nair"]
[Result "0-1"]
[WhiteTitle "CM"]
[BlackTitle "WCM"]
[WhiteElo "2235"]
[BlackElo "2178"]
[WhiteFideId "16208471"]
[BlackFideId "25629239"]
[EventDate "2025.05.20"]

1. d4 Nf6 2. Nc3 d5 3. Bf4 g6 4. Nb5 Na6 5. e3 Bg7 6. h3 O-O 7. Nf3 c6 8. Nc3
Bf5 9. Bxa6 bxa6 10. Na4 Ne4 11. b4 a5 12. a3 axb4 13. axb4 a5 14. Nd2 axb4 15.
Nxe4 Bxe4 16. O-O Ra5 17. Nc5 Rxa1 18. Qxa1 Bxc2 19. Qb2 b3 20. Nxb3 Bxb3 21.
Qxb3 Qd7 22. Qc3 Rc8 23. Qc5 e6 24. Ra1 Bf8 25. Qb6 c5 26. Ra7 Qe8 27. g4 c4 28.
Kg2 c3 29. Rc7 c2 30. e4 dxe4 31. Bc1 Qd8 32. Rc6 Qxb6 33. Rxb6 Bg7 34. Rb4 Bf8
35. Rb7 h6 36. Kf1 g5 37. Ke2 Bd6 38. Ra7 Bf4 39. Ra1 Rc3 40. Bxf4 gxf4 41. Rc1
e3 42. fxe3 Rxe3+ 43. Kd2 Rxh3 44. Kxc2 Rg3 45. Rh1 Rxg4 46. Rxh6 Kg7 47. Rh5
Rg2+ 48. Kd3 Kg6 49. Ra5 Rg3+ 50. Ke4 Rg4 51. Kf3 Rh4 52. d5 e5 53. d6 Kf5 54.
d7 Rh8 55. Rd5 Rd8 56. Rd6 f6 57. Kf2 e4 58. Rd5+ Ke6 59. Rd4 f5 60. Ra4 Rxd7
61. Ra6+ Rd6 62. Ra5 Rd2+ 63. Ke1 Rb2 64. Ra8 Ke5 65. Re8+ Kd4 66. Rh8 Ke3 67.
Kd1 f3 68. Rh3 Rf2 69. Ke1 Rg2 70. Kf1 Ra2 71. Kg1 Ra1+ 72. Kh2 Ke2 73. Rg3 f2
74. Rg2 Ke3 0-1

[Event "Titled Tue 20th May Early"]
[Site "chess.com INT"]
[Date "2025.05.20"]
[Round "5"]
[White "Azadaliyev, Jahandar"]
[Black "Gadzhiev, Ruslan"]
[Result "0-1"]
[WhiteTitle "FM"]
[BlackTitle "CM"]
[WhiteElo "2290"]
[BlackElo "2169"]
[WhiteFideId "13425811"]
[BlackFideId "55671926"]
[EventDate "2025.05.20"]

1. d4 d5 2. Nf3 Nf6 3. g3 e6 4. Bg2 Be7 5. O-O O-O 6. c3 c5 7. Bf4 Nc6 8. Nbd2
b6 9. Rc1 Bb7 10. Re1 Rc8 11. Bg5 h6 12. Bxf6 Bxf6 13. e3 Qd6 14. Qa4 a6 15. Qa3
Rfd8 16. e4 Qf8 17. exd5 Rxd5 18. Nc4 cxd4 19. Nxb6 Be7 20. b4 dxc3 21. Nxc8
Bxb4 22. Qb3 Qxc8 23. Re4 Rb5 24. Qd1 Rd5 25. Qb3 Ba5 26. Rc4 Rb5 27. Qd1 Qf8
28. Ne1 Ne5 29. R4xc3 Bxc3 30. Rxc3 Bxg2 31. Kxg2 Qa8+ 32. Nf3 Rd5 33. Qc1 Rd8
34. Qf4 f6 35. Kf1 Rd1+ 36. Ke2 Rd5 37. Nd4 Qe8 38. Kf1 Qd7 39. Nf3 Nd3 40. Qe4
e5 41. Qg6 Nc5 42. Nh4 Ne6 43. Nf5 Kf8 44. Rc2 Rd1+ 45. Kg2 Qd5+ 46. f3 Rd2+ 47.
Rxd2 Qxd2+ 48. Kg1 Qe1+ 49. Kg2 Qe2+ 50. Kg1 Qxf3 51. Qh7 Qd1+ 52. Kg2 Qe2+ 53.
Kg1 Qxa2 54. Nh4 Qa1+ 55. Kg2 Qb2+ 56. Kg1 Qc1+ 57. Kg2 Qd2+ 58. Kg1 Qe1+ 59.
Kg2 Qe2+ 60. Kg1 Ng5 61. Ng6+ Kf7 62. Nh8+ Ke6 63. Qg8+ Kf5 64. Qc8+ Ke4 65.
Qc6+ Ke3 66. Qc5+ Kf3 67. Qd5+ Qe4 68. Qd1+ Qe2 69. Qd5+ Kg4 70. Qd7+ f5 71. h3+
Kxg3 72. Qd5 Nxh3+ 73. Kh1 Qh2# 0-1

[Event "Titled Tue 20th May Early"]
[Site "chess.com INT"]
[Date "2025.05.20"]
[Round "5"]
[White "Hambardzumian, Yuri"]
[Black "Mansurova, Mumtozbegim"]
[Result "0-1"]
[WhiteTitle "IM"]
[BlackTitle "WCM"]
[WhiteElo "2301"]
[BlackElo "1768"]
[WhiteFideId "13302795"]
[BlackFideId "14215780"]
[EventDate "2025.05.20"]

1. f4 d5 2. Nf3 Bg4 3. e3 Nc6 4. d4 Nf6 5. c3 e6 6. Be2 Ne4 7. O-O Bd6 8. Nbd2
Nxd2 9. Bxd2 O-O 10. Ne5 Bxe2 11. Qxe2 Ne7 12. Rf3 f6 13. Ng4 Qd7 14. Rh3 Ng6
15. Nf2 Nh8 16. Qh5 g6 17. Qe2 e5 18. Ng4 h5 19. Nf2 exf4 20. exf4 Rae8 21. Qf3
c6 22. Rg3 Qf5 23. Qd3 Qxd3 24. Rxd3 Nf7 25. Rf1 Nh6 26. h3 Re2 27. g3 Rfe8 28.
Kg2 Nf5 29. h4 Nh6 30. Kf3 Ng4 31. Nxg4 hxg4+ 32. Kxg4 Rh2 33. Be3 Rxb2 34. f5
gxf5+ 35. Rxf5 Kg7 36. h5 Re2 37. Bd2 Rg2 38. h6+ Kg6 39. Bf4 Bxf4 40. Rxf4 Ree2
41. Rdf3 Re6 42. Kh3 Rxa2 43. g4 Kxh6 44. Rxf6+ Rxf6 45. Rxf6+ Kg5 46. Rf5+ Kg6
47. Kg3 Rc2 48. Rf3 a5 49. Kf4 a4 50. g5 a3 51. Rf1 a2 52. Rh1 Rxc3 53. Rh6+ Kg7
54. Rh1 Rb3 55. Ra1 Rb2 56. Kf5 b5 57. g6 b4 58. Rh1 Rf2+ 59. Kg5 Rb2 60. Rh7+
Kg8 61. Ra7 b3 62. Kf6 Rf2+ 63. Kg5 b2 64. g7 a1=Q 65. Rc7 Qc1+ 66. Kh5 Rh2+ 67.
Kg6 Qg1+ 68. Kf5 Rf2+ 69. Ke6 Qe1+ 70. Kd7 Kxg7 71. Kc8+ Kg6 72. Kb7 b1=Q+ 73.
Kxc6 Qc3+ 74. Kd7 Qxc7+ 75. Kxc7 Rf7+ 76. Kd6 Qb4+ 77. Ke5 Rf5+ 78. Ke6 Qb6+ 79.
Ke7 Rf7+ 80. Ke8 Qb8# 0-1

[Event "Titled Tue 20th May Early"]
[Site "chess.com INT"]
[Date "2025.05.20"]
[Round "5"]
[White "So, Wesley"]
[Black "Ter-Sahakyan, Samvel"]
[Result "1-0"]
[WhiteTitle "GM"]
[BlackTitle "GM"]
[WhiteElo "2751"]
[BlackElo "2611"]
[WhiteFideId "5202213"]
[BlackFideId "13302531"]
[EventDate "2025.05.20"]

1. b3 e5 2. Bb2 Nc6 3. e3 d5 4. Bb5 Ne7 5. Bxe5 a6 6. Bxc6+ Nxc6 7. Bg3 h5 8. h4
d4 9. Ne2 Bd6 10. Bxd6 Qxd6 11. d3 Bg4 12. e4 O-O-O 13. Nd2 Kb8 14. a4 f6 15.
Nc4 Qe7 16. Qd2 g5 17. a5 gxh4 18. Nf4 Rhg8 19. f3 Bc8 20. Rxh4 f5 21. Rxh5 fxe4
22. dxe4 d3 23. c3 Qf7 24. Rd5 Rdf8 25. Nxd3 Be6 26. Nce5 Nxe5 27. Rxe5 Qh7 28.
O-O-O Bxb3 29. Nc5 Bxd1 30. Qd5 c6 31. Qd6+ Qc7 32. Nd7+ Kc8 33. Nb6+ Kb8 34.
Nd7+ Kc8 35. Qxc7+ Kxc7 36. Nxf8 Bb3 37. Nh7 Rxg2 38. Re7+ Kd6 39. Rxb7 Bc4 40.
Nf6 Rf2 41. e5+ Ke6 42. Ne4 Rf1+ 43. Kd2 Kxe5 44. Ke3 Re1+ 45. Kf2 Rf1+ 46. Kg3
Ra1 47. Re7+ Kd5 48. Kf4 Bd3 49. Re5+ Kc4 50. Rc5+ Kb3 51. Ke5 Bb5 52. f4 Re1
53. Kd4 Rd1+ 54. Ke5 Re1 55. Kd4 Rd1+ 56. Ke3 Re1+ 57. Kf3 Bd3 58. Nf2 Be2+ 59.
Kg3 Bb5 60. f5 Rg1+ 61. Kf4 Ka4 62. f6 Rg8 63. Rf5 Kxa5 64. c4 Kb4 65. cxb5 cxb5
66. f7 Rf8 67. Ne4 a5 68. Nd6 a4 69. Rxb5+ Kc3 70. Ke5 a3 71. Ra5 Kb3 72. Rb5+
Kc3 73. Ne4+ Kc2 74. Rc5+ Kb2 75. Rb5+ Kc2 76. Rc5+ Kb2 77. Kf6 a2 78. Rb5+ Kc2
79. Ra5 Kb2 80. Rb5+ Kc2 81. Ra5 1-0

[Event "Titled Tue 20th May Early"]
[Site "chess.com INT"]
[Date "2025.05.20"]
[Round "5"]
[White "Ochedzan, Filip"]
[Black "Tanaka, Taira Tyler"]
[Result "1-0"]
[WhiteTitle "CM"]
[BlackTitle "FM"]
[WhiteElo "2130"]
[BlackElo "2240"]
[WhiteFideId "21892610"]
[BlackFideId "7002351"]
[EventDate "2025.05.20"]

1. c4 Nf6 2. Nc3 g6 3. g3 Bg7 4. Bg2 O-O 5. e3 c6 6. Nge2 d5 7. cxd5 cxd5 8. O-O
Nc6 9. d4 Bf5 10. a3 Qd7 11. Bd2 Bh3 12. Rc1 Bxg2 13. Kxg2 Rfc8 14. Nf4 e6 15.
Nd3 b6 16. b4 Ne8 17. h4 Nd6 18. h5 Ne7 19. hxg6 hxg6 20. Nb1 Rxc1 21. Bxc1 Rc8
22. Bb2 Nc4 23. Ba1 a5 24. Qb3 axb4 25. axb4 Nf5 26. Ne5 Qc7 27. Nxc4 Qxc4 28.
Qxc4 Rxc4 29. Bc3 Nd6 30. Rc1 Ne4 31. b5 Bf8 32. f3 Nd6 33. Nd2 Ra4 34. Rb1 Ra2
35. Kf2 Nc4 36. Ke2 Bh6 37. f4 Kf8 38. Kd3 Nxd2 39. Bxd2 Ke8 40. Kc3 Kd7 41. Rc1
Bf8 42. Rb1 Bd6 43. Kd3 Ra3+ 44. Bc3 Ra2 45. Bd2 Ra3+ 46. Bc3 Ra8 47. Bd2 g5 48.
Rh1 gxf4 49. gxf4 Ra3+ 50. Ke2 Ra2 51. Kd3 Ra3+ 52. Ke2 Rb3 53. Rh7 Ke7 54. f5
exf5 55. Kf3 Rxb5 56. Be1 Ke6 57. Bh4 Rb3 58. Rh6+ Kd7 59. Rf6 f4 60. Rxf7+ Kc6
61. Rf6 Rxe3+ 62. Kg4 Re4 63. Kf3 Rxd4 64. Rg6 Rd3+ 65. Kg4 Kc5 66. Kf5 b5 67.
Bf2+ Kc6 68. Bh4 Kd7 69. Rg7+ Kc8 70. Rg8+ Kb7 71. Rg7+ Kb6 72. Rg6 Kc7 73. Rg7+
Kb8 74. Rg8+ Ka7 75. Rg7+ Kb6 76. Rg6 Kc5 77. Bf2+ Re3 78. Re6 d4 79. Bxe3 fxe3
80. Ke4 Bg3 81. Kd3 Kd5 82. Re8 b4 83. Rd8+ Bd6 84. Rc8 b3 85. Rc1 b2 86. Rb1
Ba3 87. Rh1 Kc5 88. Rh5+ Kb4 89. Rh1 Kb3 90. Kxd4 e2 91. Kd3 Ka2 92. Kxe2 Be7
93. Kd2 Bg5+ 94. Kc2 1-0

[Event "Titled Tue 20th May Early"]
[Site "chess.com INT"]
[Date "2025.05.20"]
[Round "5"]
[White "Tsolakidou, Stavroula"]
[Black "Molina, Roberto Junio Brito"]
[Result "0-1"]
[WhiteTitle "IM"]
[BlackTitle "IM"]
[WhiteElo "2428"]
[BlackElo "2381"]
[WhiteFideId "4264312"]
[BlackFideId "2109450"]
[EventDate "2025.05.20"]

1. Nf3 d5 2. g3 c6 3. Bg2 Bg4 4. O-O Nd7 5. c4 e6 6. d3 dxc4 7. dxc4 Bxf3 8.
exf3 Ngf6 9. f4 Bc5 10. Nc3 O-O 11. Qe2 a5 12. Rd1 Qc7 13. b3 Rfe8 14. Bb2 e5
15. f5 Bd4 16. g4 h6 17. h4 Nc5 18. g5 hxg5 19. hxg5 Nh7 20. Qg4 Nf8 21. Rxd4
exd4 22. Qxd4 Qe5 23. Nd5 Qxd4 24. Bxd4 cxd5 25. Bxc5 dxc4 26. Bxb7 Rab8 27. Bg2
cxb3 28. axb3 Rxb3 29. Rxa5 Re5 30. g6 Rxf5 31. gxf7+ Kxf7 32. Ra7+ Kg8 33. Be3
Rd3 34. Be4 Rd1+ 35. Kg2 Rf7 36. Bc2 Rxa7 37. Bxd1 Rc7 38. Bb3+ Kh7 39. Bd5 g6
40. Be4 Re7 41. Kf3 Ne6 42. Bd3 Rf7+ 43. Kg4 Ng7 44. Be4 Nf5 45. Bg5 Kg7 46. f4
Ne3+ 47. Kf3 Nf5 48. Bd3 Nh6 49. Be4 Ra7 50. Bh4 Ra3+ 51. Ke2 Nf5 52. Bf2 Kf6
53. Bd3 Ke6 54. Be4 Ra2+ 55. Kf3 Ra3+ 56. Ke2 Ra4 57. Kf3 Kf6 58. Bc2 Rc4 59.
Be4 Rc3+ 60. Kg4 Rc1 61. Kf3 Ne7 62. Bd4+ Ke6 63. Be3 Rc7 64. Bd3 Rd7 65. Be4
Nf5 66. Bf2 Kf6 67. Kg4 Nh6+ 68. Kf3 Nf5 69. Kg4 Nh6+ 70. Kf3 Re7 71. Bd3 Kf7
72. Bc4+ Kg7 73. Bd4+ Kh7 74. Be5 Nf5 75. Bd3 Ra7 76. Be4 Rf7 77. Bd3 Ng7 78.
Be4 Kh6 79. Kg4 Nh5 80. Bd3 Nf6+ 81. Kf3 Nd7 82. Bd4 g5 83. f5 Kh5 84. Kg3 Nf6
85. Be2+ Kh6 86. Be3 Re7 87. Kf2 Re5 88. Bd3 Ne4+ 89. Kf3 Nd6 90. Bd2 Rd5 91.
Ke2 Nxf5 92. Be4 Re5 93. Kd3 Nd6 94. Bf3 Nf7 95. Bg4 Re7 96. Be3 Ne5+ 0-1

[Event "Titled Tue 20th May Early"]
[Site "chess.com INT"]
[Date "2025.05.20"]
[Round "6"]
[White "Sitnic, Adnan"]
[Black "Piddubna, Bozhena"]
[Result "0-1"]
[WhiteTitle "CM"]
[BlackTitle "WFM"]
[WhiteElo "2105"]
[BlackElo "2174"]
[WhiteFideId "14403854"]
[BlackFideId "34109293"]
[EventDate "2025.05.20"]

1. e4 e5 2. Nf3 Nc6 3. Bb5 a6 4. Bxc6 dxc6 5. d3 Bd6 6. h3 Ne7 7. Nc3 Ng6 8. Ne2
Be6 9. Be3 Qd7 10. Qd2 O-O-O 11. O-O-O f5 12. exf5 Bxf5 13. Ng3 Be6 14. Kb1 Bd5
15. Ne4 Be7 16. Nfg5 h6 17. Nf3 Qe6 18. b3 Bxe4 19. dxe4 Rxd2 20. Nxd2 Bg5 21.
Bxg5 hxg5 22. f3 Nf4 23. Rhg1 Ne2 24. Rge1 Nc3+ 25. Kb2 Nxd1+ 26. Rxd1 Rd8 0-1

[Event "Titled Tue 20th May Early"]
[Site "chess.com INT"]
[Date "2025.05.20"]
[Round "6"]
[White "Terkiewicz, Bruno"]
[Black "Tahmasebi, Hamidreza"]
[Result "0-1"]
[WhiteTitle "CM"]
[BlackTitle "FM"]
[WhiteElo "2183"]
[BlackElo "2298"]
[WhiteFideId "21093245"]
[BlackFideId "12537527"]
[EventDate "2025.05.20"]

1. a3 e5 2. b4 d5 3. Bb2 Bd6 4. Nf3 Nd7 5. d3 Ngf6 6. Nc3 c6 7. e4 a5 8. b5 d4
9. bxc6 bxc6 10. Ne2 Rb8 11. Rb1 Nc5 12. Ng3 Be6 13. Ng5 Ba2 14. h4 Bxb1 15.
Qxb1 h6 16. Nf5 hxg5 0-1

[Event "Titled Tue 20th May Early"]
[Site "chess.com INT"]
[Date "2025.05.20"]
[Round "6"]
[White "Nguyen, Ngoc Truong Son"]
[Black "Spangenberg, Hugo"]
[Result "1-0"]
[WhiteTitle "GM"]
[BlackTitle "GM"]
[WhiteElo "2632"]
[BlackElo "2469"]
[WhiteFideId "12401110"]
[BlackFideId "101966"]
[EventDate "2025.05.20"]

1. e4 c5 2. c3 Nf6 3. e5 Nd5 4. Nf3 Nc6 5. Bc4 Nb6 6. Bb3 d5 7. exd6 Qxd6 8. Na3
e6 9. d4 cxd4 10. Nb5 Qd8 11. Bf4 Be7 12. Nc7+ Kf8 13. Nxa8 Nxa8 14. Nxd4 Na5
15. O-O Nb6 16. Qf3 Nxb3 17. axb3 a6 18. Rad1 Qe8 19. c4 f6 20. Rfe1 Bb4 21.
Nxe6+ Bxe6 22. Bd6+ 1-0

[Event "Titled Tue 20th May Early"]
[Site "chess.com INT"]
[Date "2025.05.20"]
[Round "6"]
[White "Antoniou, Rafail"]
[Black "Yanev, Tihomir"]
[Result "1-0"]
[WhiteTitle "CM"]
[BlackTitle "IM"]
[WhiteElo "2134"]
[BlackElo "2354"]
[WhiteFideId "5904390"]
[BlackFideId "2910110"]
[EventDate "2025.05.20"]

1. e4 c5 2. c3 d6 3. Nf3 g6 4. Bb5+ Nd7 5. d4 cxd4 6. cxd4 Bg7 7. Nc3 a6 8. Bd3
b5 9. a3 Bb7 10. O-O Nb6 11. Qe2 Nf6 12. h3 O-O 13. Bg5 h6 14. Bf4 Rc8 15. Rfd1
Nc4 16. Rac1 Qa5 17. e5 Nd5 18. Nxd5 Bxd5 19. exd6 exd6 20. Bxc4 Bxc4 21. Qd2
Rfe8 22. Qxa5 1-0

[Event "Titled Tue 20th May Early"]
[Site "chess.com INT"]
[Date "2025.05.20"]
[Round "6"]
[White "Lagarde, Maxime"]
[Black "Puzyrevsky, Semyon"]
[Result "0-1"]
[WhiteTitle "GM"]
[BlackTitle "FM"]
[WhiteElo "2622"]
[BlackElo "2253"]
[WhiteFideId "662399"]
[BlackFideId "24240931"]
[EventDate "2025.05.20"]

1. g3 e5 2. Bg2 d5 3. d3 Nf6 4. a3 c6 5. b3 Bd6 6. Bb2 O-O 7. e3 Re8 8. h3 Nbd7
9. Ne2 Nf8 10. Nd2 Ng6 11. O-O Be6 12. Nf3 h6 13. d4 e4 14. Ne5 Nf8 15. c4 N6h7
16. Nf4 Bxe5 17. dxe5 dxc4 18. bxc4 Bxc4 19. Bxe4 Bxf1 20. Qxf1 Ng5 21. Bg2 Nge6
22. Rd1 Qb6 23. Qe2 Rad8 24. Rc1 Qa5 25. Rc2 Rd7 26. Be4 Red8 27. Qg4 Qe1+ 28.
Kh2 Rd2 0-1

[Event "Titled Tue 20th May Early"]
[Site "chess.com INT"]
[Date "2025.05.20"]
[Round "6"]
[White "Aravindh, Chithambaram VR."]
[Black "Ahmad, Khagan"]
[Result "1-0"]
[WhiteTitle "GM"]
[BlackTitle "IM"]
[WhiteElo "2749"]
[BlackElo "2405"]
[WhiteFideId "5072786"]
[BlackFideId "13431552"]
[EventDate "2025.05.20"]

1. Nf3 d5 2. b3 c5 3. Bb2 Nc6 4. e3 a6 5. d4 Nf6 6. Nbd2 Bf5 7. dxc5 e6 8. Nd4
Bg4 9. Be2 Bxe2 10. Qxe2 Bxc5 11. Nxc6 bxc6 12. O-O O-O 13. c4 Qe7 14. Rac1 Ba3
15. Nf3 Ne4 16. Ne5 Rfc8 17. cxd5 Bxb2 18. d6 Qxd6 19. Qxb2 f6 20. Nc4 Qb4 21.
Qd4 Nc5 22. a3 Qb5 23. Nd6 Qxb3 1-0

[Event "Titled Tue 20th May Early"]
[Site "chess.com INT"]
[Date "2025.05.20"]
[Round "6"]
[White "Brancaleoni, Maurizio"]
[Black "Yang, Kaiqi"]
[Result "1-0"]
[WhiteTitle "FM"]
[BlackTitle "GM"]
[WhiteElo "2185"]
[BlackElo "2481"]
[WhiteFideId "803022"]
[BlackFideId "8604398"]
[EventDate "2025.05.20"]

1. Nf3 d5 2. d4 e6 3. g3 a6 4. Bg2 Nd7 5. O-O Ngf6 6. c4 dxc4 7. a4 Rb8 8. a5
Be7 9. Nbd2 b5 10. axb6 Nxb6 11. Ne5 Bb7 12. Bxb7 Rxb7 13. Ndxc4 O-O 14. Na5 Qa8
15. Nxb7 Qxb7 16. Qd3 Ra8 17. Bg5 a5 18. Rfc1 a4 19. Nc6 Bf8 20. Bxf6 gxf6 21.
Qf3 f5 22. Ne7+ 1-0

[Event "Titled Tue 20th May Early"]
[Site "chess.com INT"]
[Date "2025.05.20"]
[Round "6"]
[White "Dorrance, Adam"]
[Black "Paravyan, David"]
[Result "0-1"]
[WhiteTitle "FM"]
[BlackTitle "GM"]
[WhiteElo "2301"]
[BlackElo "2596"]
[WhiteFideId "2618567"]
[BlackFideId "4194985"]
[EventDate "2025.05.20"]

1. c4 b6 2. Nc3 Bb7 3. Nf3 f5 4. g3 e5 5. Bg2 e4 6. Nd4 Qf6 7. Nc2 Ne7 8. O-O
Nbc6 9. d3 O-O-O 10. dxe4 fxe4 11. Nxe4 Qg6 12. Nc3 h5 13. Nd5 h4 14. Bf4 hxg3
15. fxg3 Nf5 16. Qd3 Bc5+ 17. Kh1 Rxh2+ 18. Kxh2 Rh8+ 19. Bh3 Qg4 20. Kg2 Qxh3+
21. Kf3 Nh4+ 22. Ke4 Qf5# 0-1

[Event "Titled Tue 20th May Early"]
[Site "chess.com INT"]
[Date "2025.05.20"]
[Round "6"]
[White "Ghimoyan, Narek"]
[Black "Zaksaite, Salomeja"]
[Result "1-0"]
[WhiteTitle "CM"]
[BlackTitle "WGM"]
[WhiteElo "2273"]
[BlackElo "2119"]
[WhiteFideId "13315412"]
[BlackFideId "12801496"]
[EventDate "2025.05.20"]

1. d4 Nf6 2. Nf3 g6 3. c4 Bg7 4. Nc3 d6 5. g3 O-O 6. Bg2 Bf5 7. O-O c6 8. Re1
Ne4 9. Nh4 Nxc3 10. bxc3 Be6 11. Qb3 b5 12. d5 bxc4 13. Qb7 cxd5 14. Qxa8 Bxc3
15. Bh6 Bxa1 16. Rxa1 Re8 17. Bxd5 Bd7 18. Qxa7 1-0